Eastern Utah Libraries Catalog: Duchesne, Heber, Roosevelt, & Vernal

What was World War I? / (Record no. 385448)

MARC details
000 -LEADER
fixed length control field 02505pam a2200397 i 4500
001 - CONTROL NUMBER
control field z9fcpp b2053035
003 - CONTROL NUMBER IDENTIFIER
control field DLC
005 - DATE AND TIME OF LATEST TRANSACTION
control field 20230623123103.0
008 - FIXED-LENGTH DATA ELEMENTS--GENERAL INFORMATION
fixed length control field 230127s2023 nyua j b 000 0 eng
010 ## - LIBRARY OF CONGRESS CONTROL NUMBER
LC control number 2023003966
020 ## - INTERNATIONAL STANDARD BOOK NUMBER
International Standard Book Number 9780593521663 : LIB
Terms of availability 16.99
020 ## - INTERNATIONAL STANDARD BOOK NUMBER
International Standard Book Number 0593521668 : LIB
Terms of availability 16.99
Qualifying information (paperback)
-- (library binding)
-- Follett bdg.
Cancelled/invalid ISBN 9780593521670
Qualifying information (epub)
037 ## - SOURCE OF ACQUISITION
Source of stock number/acquisition Penguin Group USA, Order Processing Dept 120 Woodbine st, Bergenfield, NJ, USA, 07621
Note SAN 201-3975
040 ## - CATALOGING SOURCE
Original cataloging agency DLC
Language of cataloging eng
Description conventions rda
Transcribing agency DLC
Modifying agency NjBwBT
-- GCmBT
082 00 - DEWEY DECIMAL CLASSIFICATION NUMBER
Classification number 940.3
Edition number 23/eng/20230127
092 ## - LOCALLY ASSIGNED DEWEY CALL NUMBER (OCLC)
Classification number junior nonfiction
Item number 940.3 Medina
100 1# - MAIN ENTRY--PERSONAL NAME
Personal name Medina, Nico,
Dates associated with a name 1982-
Relator term author.
9 (RLIN) 5731543
245 10 - TITLE STATEMENT
Title What was World War I? /
Statement of responsibility, etc by Nico Medina ; illustrated by Dede Putra.
264 ## - Production, Publication, Distribution, Manufacture, and Copyright Notice.
Place of production, publication, distribution, manufacture New York;
Name of producer, publisher, distributor, manufacturer Penguin Workshop,
Date of production, publication, distribution, manufacture, or copyr 2023
300 ## - PHYSICAL DESCRIPTION
Extent 107 pages :
Other physical details illustrations ;
Dimensions 21 cm.
490 0# - SERIES STATEMENT
Series statement What was?
490 1# - SERIES STATEMENT
Series statement An official Who HQ book.
500 ## - GENERAL NOTE
General note "16 pages of photos inside"--Cover.
504 ## - BIBLIOGRAPHY, ETC. NOTE
Bibliography, etc Includes bibliographical references (pages 106-107).
505 0# - FORMATTED CONTENTS NOTE
Formatted contents note What Was World War I? -- Rival Empires -- One Wrong Turn in Sarajevo -- A Different Kind of War -- Trench Warfare -- War in the Skies -- War at Sea -- The United States Enters the War -- Women in the War -- Here Come the Doughboys! -- The Treaty of Versailles -- Legacy -- Timelines.
520 ## - SUMMARY, ETC.
Summary, etc "In 1914, the assassination of an Austrian archduke set off a disastrous four-year-long conflict involving dozens of countries with battles taking place in all parts of the world. World War I was the first to use planes and tanks as well as deadly gases that left soldiers blinded or "shell shocked" (a condition now called Post Traumatic Stress Syndrome). There were battles that lasted for months with opposing troops fighting from rat-infested trenches, battles that often ended in a hollow victory with only a small area of land retaken. The author of many successful Who HQ titles Nico Medina gives young readers a clear and compelling account of this long and tragic event, a war that left over 20 million dead and was the lead-up to World War II barely twenty years later"--
521 ## - TARGET AUDIENCE NOTE
Target audience note Ages 8-12
Source Penguin Workshop.
650 #0 - SUBJECT ADDED ENTRY--TOPICAL TERM
Topical term or geographic name as entry element World War, 1914-1918
Form subdivision Juvenile literature.
9 (RLIN) 6361609
650 #1 - SUBJECT ADDED ENTRY--TOPICAL TERM
Topical term or geographic name as entry element World War, 1914-1918.
700 1# - ADDED ENTRY--PERSONAL NAME
Personal name Putra, Dede
Titles and other words associated with a name (Illustrator),
Relator term illustrator.
9 (RLIN) 5732191
830 #0 - SERIES ADDED ENTRY--UNIFORM TITLE
Uniform title Who HQ NOW.
9 (RLIN) 6437648
942 ## - ADDED ENTRY ELEMENTS (KOHA)
Source of classification or shelving scheme Dewey Decimal Classification
Koha item type BOOK
Holdings
Withdrawn status Lost status Source of classification or shelving scheme Damaged status Not for loan Collection code Home library Current library Shelving location Date acquired Source of acquisition Total Checkouts Total Renewals Full call number Barcode Checked out Date last seen Date checked out Cost, replacement price Price effective from Koha item type
    Dewey Decimal Classification     Junior NonFiction Wasatch County Library Wasatch County Library Second Floor 06/23/2023 Micromarketing 4 5 J 940.3 Medina 34301002030973 04/10/2026 02/11/2026 02/11/2026 16.99 06/23/2023 BOOK
This project was made possible through a grant from the Institute of Museum and Library Service administered by the Utah State Library Division.

Wasatch County Library

  • 465 East 1200 South, Heber City, Utah 84032
  • Phone 435-654-1511 | Fax 435-654-6456

Hours

  • Monday - Friday 9:30 AM - 8:00 PM
  • Saturday 9:30 AM - 1:30 PM
  • Closed Sundays and Holidays